000 00370nam a2200157Ia 4500
008 230917s9999||||xx |||||||||||||| ||und||
020 _cRS42
040 _e49672
_aMAIN
041 _aEnglish
082 _a822.33 S15K:B
100 _aKnight, G Wilson
245 0 _aByron and Shakespeare
260 _aLondon
_bRoutledge
_c1966
300 _axv, 381 p.
942 _cBK
999 _c128505
_d128505